|
|
|
|
| LEADER |
00000nam a22000007a 4500 |
| 005 |
20190516223159.0 |
| 007 |
cr|||| |||| |
| 008 |
190516s2019 es |||||s|||| 00||0 spa d |
| 020 |
|
|
|a 978-84-949922-4-7
|
| 035 |
|
|
|a 23393
|
| 040 |
|
|
|a vLex
|
| 090 |
|
|
|c 8722
|d 8722
|
| 100 |
1 |
|
|a Puigcerver Asor, Carlos
|
| 245 |
1 |
2 |
|a La aplicacin̤ prc̀tica de la segunda oportunidad
|h [Recurso electrn̤ico] :
|b problemas y respuestas /
|c Carlos Puigcerver Asor, Federico Adan Domenech
|
| 256 |
|
|
|a Servicio en ln̕ea
|
| 260 |
|
|
|a Barcelona:
|b J.M. Bosch Editor,
|c 2019
|
| 300 |
|
|
|a 1 recurso electrn̤ico
|
| 500 |
|
|
|a Han transcurrido ya ms̀ de cuatro aǫs desde la entrada en vigor del Real Decreto-Ley 1/2015, de 27 de febrero, de mecanismo de segunda oportunidad, reduccin̤ de carga fi nanciera y otras medidas de orden social. Texto normativo en el cual se defi ende que una persona fs̕ica, a pesar de un fracaso econm̤ico empresarial o personal, tenga la posibilidad de encarrilar nuevamente su vida e incluso de arriesgarse a nuevas iniciativas, sin tener que arrastrar indefi nidamente una losa de deuda que nunca podr ̀satisfacer. Partiendo de este objetivo, el legislador instaura un mecanismo extrajudicial y judicial que sirva de cauce para solucionar, o, cuanto menos, aligerar la situacin̤ de insolvencia en la que se encuentra inmerso el deudor, mecanismo conocido como la segunda oportunidad. Sin embargo, si bien la voluntad del legislador es loable y ±cargada» de buenas intenciones, no es menos cierto que la regulacin̤ de esta institucin̤, a da̕ de hoy, peca de inconcrecin̤ y de lagunas legislativas que crean incerteza e inseguridad jurd̕ica. Ante esta desilusionante realidad, en el presente trabajo, pretendemos dar soluciones a las cuestiones de mayor problemt̀ica, que en la prc̀tica presenta el mecanismo de la segunda oportunidad.
|
| 506 |
1 |
|
|a Disponible solo en los productos indicados
|d vLex Global
|d vLex Global (Academic Edition, excluding Law Schools)
|d vLex Global (U.S. Academic Edition, Law Schools)
|d vLex Global (U.S. Academic Edition, excluding Law Schools)
|d vLex Global (Academic Edition, Law Schools)
|
| 650 |
0 |
4 |
|a Derecho Procesal
|z Espaą
|
| 650 |
0 |
4 |
|a Procedimiento Penal
|z Espaą
|
| 700 |
1 |
|
|a Domenech, Federico Adan
|
| 740 |
0 |
|
|a vLex Libros (Servicio en ln̕ea)
|
| 856 |
4 |
0 |
|u http://vlex.com/source/aplicacion-practica-de-la-segunda-oportunidad-problemas-y-respuestas-23393
|z Acceso restringido
|
| 942 |
|
|
|c BOOK
|
| 999 |
0 |
|
|a Procedural Law
|
| 999 |
0 |
|
|a Criminal Procedure
|